Conspectus of blockchain/ (Record no. 193680)

MARC details
000 -LEADER
fixed length control field 00594nam a22001817a 4500
005 - DATE AND TIME OF LATEST TRANSACTION
control field 20221109124005.0
010 ## - LCCN (DPL NO)
LC control number ENG-135631
020 ## - INTERNATIONAL STANDARD BOOK NUMBER
International Standard Book Number 9788194706915
Terms of availability 350.00
035 ## - SYSTEM CONTROL NUMBER
System control number EN-119163
037 ## - SOURCE OF ACQUISITION
Source of stock number/acquisition DBAD/PUB
082 ## - DEWEY DECIMAL CLASSIFICATION NUMBER
Classification number 332.4
100 ## - MAIN ENTRY--PERSONAL NAME
Personal name Shankari, K. Hema
245 ## - TITLE STATEMENT
Title Conspectus of blockchain/
Statement of responsibility, etc by K. Hema Shankari
260 ## - PUBLICATION, DISTRIBUTION, ETC. (IMPRINT)
Place of publication, distribution, etc Chennai
Name of publisher, distributor, etc Jupiter Publications Consortium
Date of publication, distribution, etc 2021
270 ## - ADDRESS
Address 22/102,Second Street, Virugambakkam
City Chennai
Postal code 600092
Electronic mail address director@jpc.in.net
300 ## - PHYSICAL DESCRIPTION
Extent 203p.
Dimensions 24cm(pbk)
Other physical details Bibliography & Webliography
942 ## - ADDED ENTRY ELEMENTS (KOHA)
Source of classification or shelving scheme Dewey Decimal Classification
Item type English Books
Call number suffix SHA
Classification part 332.4
Holdings
Withdrawn status Lost status Not for loan Collection code Home library Current library Date acquired Source of acquisition Cost, normal purchase price Full call number Barcode Copy number Cost, replacement price Koha item type
      Non-fiction Katevara Katevara 09/11/2022 DBAD/PUB 350.00 332.4 SHA EN-119163 1 350.00 English Books

© Delhi Public Library
Hit Counter
free hit counter